000 00298nam a22001217a 4500
008 180807b xxu||||| |||| 00| 0 eng d
082 _a813.52
245 _aResearch methods for evidence Based Practice
_cLAURAEATE
260 _c2001
300 _a1
_fCD
440 _x18003390480
942 _2ddc
_cMX
999 _c46924
_d46924